000 00319nam a22001337a 4500
008 170609b xxu||||| |||| 00| 0 eng d
020 _a0495567884
041 _aeng
080 _a327
100 _a19
101 _aSHP
245 _aTHE PROMISE AND PERFOMANCE OF AMERICAN DEMOCRACY
_cBOND.J.R
942 _2udc
_cBK
999 _c16759
_d16759